[Event "GMA, Wijk aan Zee NED"]
[Site "?"]
[Date "2003.??.??"]
[Round "4"]
[White "Karpov,An"]
[Black "Polgar,Ju"]
[Result "0-1"]
[WhiteElo "2685"]
[BlackElo "2700"]
[PlyCount "66"]
[Annotator "Hathaway"]

1. d4 Nf6
{ These two have played a couple of terrific games in recent events, so this one could be interesting too. }
2. Nf3
{ Why would Karpov play this move? It usually initiates a Colle System (e2-e3, Bf1-d3) , Torre Attack (Bc1-g5) or London System (Bc1-f4) and Karpov doesn't generally play any of those. I suppose he wants to see if Polgar intends to play a particular set-up or will reconsider over the board and perhaps play another set-up. }
 (2. c4 
{ is much more common, though not provably any better }) 2...e6 (2...c5 
{ is also interesting and preserves the option of ...g7-g6, ...Bf8-g7 without weakening d6 &f6 }) 3. c4
{ Now they're back to "normal" territory which their other recent games have followed. Now the question is whether Karpov will continue in a Classical way or try the Catalan (g2-g3, Bf1-g2) . }
3...b6
{ Ironically it's this Queen's Indian Defense which Karpov himself has championed which is giving him problems (at least against Polgar) . }
4. a3
{ This is a move Kasparov has championed and brought out of obscurity, though it was (I think) originated by Petrosian (one of Kasparov's chessic heroes) . The idea is to be able to play Nb1-c3 without facing ...Bf8-b4 (again a move Karpov likes) . }
4...Bb7 5. Nc3 d5
{ Without ...Bf8-b4 Black has to use the central pawn to prevent White from taking complete control of the center. Without some central control (a fair share) one's position can be cramped and lateral movements become much more difficult. }
6. cxd5
{ This, instead of e2-e3, leaves open the option of Bc1-f4 or Bc1-g5; though one of those moves could be played immediately and Pc4 left to be defended indirectly by Qd1-a4+xc4. Perhaps he wants to see what specific set-up Black will choose (...Nxd4 or ...exd5) before committing his position further. }
 (6. Bg5 h6 7. Bxf6 Qxf6 8. cxd5 exd5 
{ Fritz7 }) 6...Nxd5
{ In the Ponomariov-Kramnik game of round two this same question came up and I criticized Kramnik for not recapturing at d5 with a pawn. In this game I don't see things the same way because Black already has Bb7 and control of e4 will be retained by Black for a few moves. Black simply refuses to allow White to take full control of the center and White's only attempt to gain the advantage probably lies in taking advantage of the weak e5 to threaten Ke8 and/or to advance f2-f3, e2-e4. }
7. Qc2 Nxc3 8. Qxc3 h6 $5
{ This prevents Bc1-g5 and ...Bf8-d6 can guard square f4 to prevent Bc1-f4 from gaining any lasting advantage. Usually you don't see a top GM playing this kind of extra pawn move early-on in a game. It certainly shows she's thinking for herself and not just playing stereotypical moves. }
9. e3 Nd7 10. b4
{ Fritz7 doesn't even mention this, liking Bf1-b5 or Bf1-e2 better. So, Bc1 might well be developed to b2. This looks like a concession by White, but in light of a game played by these two contestants in a previous event it makes great sense. Polgar played the Tarrasch Defense and showed a great willingness to take on open positions; here he stops ...c7-c5. Where will Black find offensive play; on the king-side I think, where Bb7 is "aimed". }
10...Be7
{ Black is prepared to play ...c7-c5 and meet dxc5 with ...Bf6. }
11. Bb2 O-O 12. Rd1 (12. Be2 
{ might not let White establish a bind, but it certainly attends to the king's safety! Mark and Fritz7 agree! }) 12...a5
{ to wing, if not to cripple White, making certain Pb4 is as weak as Pc7. It also helps to clarify the queen-side a bit. }
13. b5 Rc8
{ After this Fritz7 thought a while and suddenly all his variations went negative (good for Black) . }
14. Qb3
{ White prepares Nf3-e5 when the alignment of Rd1 with Qd8 makes it impossible for Black to break that bind. Black is also apparently unwilling to play ...Bxf3 since after gxf3 the square c6 would be severely weakened and with Rh1-g1 White would be ready to pounce on Pg7 and Kg8. So, Black fights the central bind and expects to succeed because White has yet to spend any moves on preparing O-O. }
 (14. Ne5 $2 Nxe5 15. dxe5 Qe8 
{ and the a1-g7 diagonal is blocked by Pe5, but Black is clearly ready to play ...c7-c5 or ...Be7-c5 and then ...c7-c6 }) 14...c6 15. bxc6 (15. Be2 cxb5 16. Qxb5 Bc6 17. Qd3 Nf6 18. O-O 
{ Fritz7 }) 15...Bxc6 16. Bb5
{ This is certainly consistent with the plan to bind Black in the center, using pieces if not pawns, but there's a small flaw. }
 (16. Be2 
{ Fritz7 and Mark agree! }) 16...Bb4+ $5
{ White still has Ke1 and Black uses that to some effect! }
 (16...Bd5 
{ Curiously, Fritz7 thinks it's better to allow White to O-O, only to destroy his pawn cover with ...Bxf3 anyway. }
 17. Qd3 Nf6 18. O-O Bxf3 19. gxf3 Qd5 $15 
{ Fritz7 }) 17. axb4 Bxb5
{ Now Ke1 can't O-O, so even if Black has to gambit a pawn there is compensation; and Karpov isn't one to allow his king to stay in the open for long (or allow Rh1 to remain out of play) . }
18. bxa5 Bc4
{ There's the stinger in this combination; Pa5 will be reclaimed AND Ke1 is still stuck in the center. The White central bind is only a memory. }
19. Qa3 $2 $17 (19. Qa4 bxa5 20. Bc3 Be2 21. Kxe2 Rxc3 $11 
{ Fritz7; It's one of those variations a computer is much more likely to find. }) 19...bxa5 20. Qd6 $6
{ Karpov is seeking refuge in a queen trade, not unlike Capablanca who was Karpov's chessic hero. }
 (20. Nd2 Bb5 21. f3 Qg5 22. Kf2 Rc2 23. h4 Qf5 24. e4 Qf4 
{ and White has continual problems with his king's safety }) (20. Ra1 $142 
{ Fritz7 }) 20...Bb5
{ Black plays for an immediate invasion of ...Rc8-c2-e2+ (not to mention the threat to Bb2) and by defending Nd7 she allows Qd8 to move freely. }
21. d5 (21. Ba3 $17 
{ The more Fritz7 thought about this position the more it liked Black's prospects. }) 21...Rc2 22. Rd2 Qc8
{ avoiding any possibility of a queen trade and going straight for Ke1 }
 (22...Rxd2 23. Kxd2 Nb6 24. Qxd8 Rxd8 $17 
{ Fritz7 }) 23. Qa3 (23. dxe6 Rxb2 24. exd7  (24. Rxb2 Qc1+ 25. Qd1 Qxb2 26. exd7 Rd8 $19)  24...Qc1+ 25. Rd1 Re2+ 26. Kf1 Rd2+ 27. Ke1 Qxd1#) 23...Rxd2 24. Kxd2
{ Ordinarily Nf3xd2 would be played, but in this desperate situation he tries to bring Rh1 into play. }
24...Nb6
{ threatening ...Nc4+ }
25. Qc3 Nc4+ 26. Kc2 e5 $1
{ This completely ties up White. Pe5 prevents Nf3-d4 and White's army can't support Pd5, so Black's continued threats to White's king and passed Pa5 are clearly superior. }
27. Kb1 Qg4
{ threatening either ...Qxg2 or ...Qe4+ }
28. Rc1 (28. Nxe5 Qe4+ 29. Ka1  (29. Ka2 Nxe5 30. Qxe5 Qa4+ 31. Ba3 Bc4+ 32. Kb2 Qb3+ 33. Kc1 Qxa3+ $19)   (29. Nd3 Ne5 30. Qxe5 Bxd3+ 31. Kc1 Rc8+ 32. Kd1 Qa4+ $19)  29...Nxe5 30. Qxe5 Qa4+ 31. Kb1 Bd3+ $19) 28...Rb8 29. Rc2 f6
{ White has defended his king, so Black secures Pe5 and has White completely bottled up. Pd5 looks like a weak link, though Pg2 might also be good to grab. Even more direct though is ...Bb5-a4 to continue going directly at Kb1. One threatens to win the king, which is already fairly well defended, and the other to win a pawn or two. Both are good. }
30. d6 Qxg2 31. Nd2 Qh1+
{ I like this combining of the pawn grab with the attack on Kb1. It can be defensively difficult to guard against attacks from several different directions at one time. }
32. Ka2 Nxd6 $19
{ Capturing Bb2 would be terrible because Rc2xb2 would then pin Bb5. }
33. Qc5
{ He was either in time pressure or just overlooked the reply. }
 (33. Qb3+ Bc4 
{ wins more material }) 33...Rc8
{ If 34. Qxd6 Rxc2 35. Qb8+ Kh7 36. Qxb5 Rxd2 and White simply runs out of material. }
0-1

[Event "GMA, Wijk aan Zee NED"]
[Site "?"]
[Date "2003.??.??"]
[Round "4"]
[White "Ivanchuk,V"]
[Black "Grischuk,A"]
[Result "1/2"]
[WhiteElo "2695"]
[BlackElo "2710"]
[PlyCount "35"]

1.d4 Nf6 2.c4 e6 3.Nf3 b6 4.g3 Ba6 5.b3 Bb4+ 6.Bd2 Be7 7.Bg2 c6 8.Bc3 d5 
9.Ne5 Nfd7 10.Nxd7 Nxd7 11.Nd2 O-O 12.O-O Nf6 13.Rc1 Rc8 14.e4 c5 15.exd5 
exd5 16.dxc5 d4 17.Bb2 bxc5 18.Re1 1/2

[Event "GMA, Wijk aan Zee NED"]
[Site "?"]
[Date "2003.??.??"]
[Round "5"]
[White "Polgar,Ju"]
[Black "Ivanchuk,V"]
[Result "1/2"]
[WhiteElo "2700"]
[BlackElo "2695"]
[PlyCount "35"]

1.e4 c5 2.Nf3 a6 3.c4 e6 4.Nc3 Nf6 5.Be2 Nc6 6.d4 cxd4 7.Nxd4 Qc7 8.O-O 
Nxd4 9.Qxd4 Bc5 10.Qd3 b6 11.a3 Bb7 12.b4 Be7 13.Be3 O-O 14.Rac1 d6 15.Rfd1 
Rab8 16.Bf4 Rfd8 17.Qe3 Rbc8 18.h3 1/2

[Event "GMA, Wijk aan Zee NED"]
[Site "?"]
[Date "2003.??.??"]
[Round "5"]
[White "Shirov,A"]
[Black "Kramnik,V"]
[Result "1-0"]
[WhiteElo "2720"]
[BlackElo "2805"]
[PlyCount "87"]
[Annotator "Boris Alterman and Jason Doss"]

1. e4 c5 2. Nf3 Nc6 3. d4 cxd4 4. Nxd4 Nf6 5. Nc3 e5 6. Ndb5 d6 7. Bg5 a6 8.
Na3 b5 9. Bxf6 gxf6 10. Nd5 f5 11. Bd3 Be6 12. Qh5 Bxd5 {This modern variation
is popular as of late since players like Shirov, Kramnik, Anand, Leko and
Topalov have included the Sicilian Sveshnikov into their Opening repertoire.  }
13. exd5 Ne7 14. c3 Bg7 15. O-O O-O 16. Rae1 e4 17. Bc2 Qc8 18. Bb3 a5 19. Qg5
Qb7 {A Novelty!} 20. f3 $1 {The best reply! Shirov is ready to pry open the
center at any price. The Queen-side is less important than white's piece
activity in the center and on the King-side.} (20. c4 a4 $1 21. Bc2 bxc4 $1 22.
Nxc4 h6 $1 $13) (20. g4 Kh8 $1 {Black starts his counter-attack first. White's
pieces, the N on a3 and B on b3, are far away from the action!}) 20... h6 21.
Qg3 $1 {Keeping the Queen active and attacking. Alexey is forcing Kramnik to
start counter-play on the Queen-side .} (21. Qh4 a4 22. Bc2 b4 23. cxb4 Ng6 $13
) 21... a4 (21... Ng6 22. fxe4 f4) 22. Bc2 b4 23. Nc4 $1 (23. cxb4 Ng6 24. fxe4
f4 $44) (23. fxe4 bxa3 24. exf5 f6 $1 (24... Kh8 25. f6) 25. Qxd6 Nxd5 26. Be4
Rad8 $17) 23... Qxd5 (23... b3 24. axb3 axb3 25. Bb1 $14) 24. fxe4 $1 {
A key idea! This piece sacrifice completely opens the center and destroys
black's harmony in the center.} 24... Qxc4 25. exf5 {White now has the
opportunity for potential threats with the battery of Bc2  and Qd3 and f5-f6
mating ideas!} 25... Nd5 (25... Nxf5 26. Rxf5 bxc3 27. Re4 $1) 26. f6 Nxf6 27.
Rxf6 Rae8 $6 {An inaccurate move.Kramnik decides to prevent the Re4 -Rg4
threat , however, complicated but stronger is:} (27... Qc5+ $1 28. Kh1 (28. Rf2
bxc3 29. Qd3 Rfe8 30. Qh7+ Kf8 31. Ref1 cxb2) 28... Qg5 $1 29. Qd3 Rfe8 $1 30.
Rxe8+ (30. Qh7+ Kf8 31. Rxf7+ Kxf7 32. Rf1+ Ke6 33. Qe4+ Qe5 34. Qc4+ d5 35.
Qg4+ Ke7) 30... Rxe8 31. Rf1 a3 $1 $11) 28. Ref1 Re2 (28... Qc5+ 29. Kh1 Kh8 $4
30. Qd3 {and white wins}) 29. Bd3 Qc5+ 30. Kh1 Re3 31. R6f3 Rxf3 32. Qxf3 bxc3
33. bxc3 Qe5 $6 {Another error . Much better was:} (33... Kh8 {After} 34. Qf4
$14 {White still has a better position due to King-side attacking chances with
the opposite colored bishops . An interesting situation - if black is able to
exchange Queens then whites advantage immediately disappears!}) 34. c4 $1 $16
Kh8 35. Bc2 {Threatening both Ba4 and Qd3!} 35... Qa5 $2 {
A blunder while in time pressure.} 36. Qd3 f5 37. Qxd6 Qc3 38. Bd3 Qd2 39. c5
Qxa2 40. c6 {The unstoppable passed pawn combined with a continued King-side
assault gives white a decisive advantage.    } 40... Rg8 (40... a3 41. c7 $18)
41. Qg6 Rf8 42. c7 Qg8 43. Qc6 Rc8 44. Ba6 (44. Bxf5 Qf7 45. Qb7 Rxc7 46. Qb8+
Bf8 47. Bd3 $18) 1-0

[Event "GMA, Wijk aan Zee NED"]
[Site "?"]
[Date "2003.??.??"]
[Round "5"]
[White "Grischuk,A"]
[Black "Ponomariov,R"]
[Result "1/2"]
[WhiteElo "2710"]
[BlackElo "2730"]
[PlyCount "96"]

1.e4 e5 2.Nf3 Nc6 3.Bb5 Nf6 4.O-O Nxe4 5.d4 Nd6 6.Bxc6 dxc6 7.dxe5 Nf5 
8.Qxd8+ Kxd8 9.Nc3 Be7 10.Rd1+ Ke8 11.Bg5 Bxg5 12.Nxg5 Ke7 13.Rd3 h6 14.Nge4 
Rd8 15.Rxd8 Kxd8 16.Rd1+ Ke7 17.f4 Ne3 18.Rd2 Bf5 19.Ng3 Bh7 20.Kf2 Ng4+ 
21.Kg1 Ne3 22.Kf2 Nc4 23.Rd4 b5 24.b3 Na3 25.Nce4 Nxc2 26.Rd2 Bxe4 27.Nxe4 
Nb4 28.a3 Nd5 29.Kf3 a5 30.Rc2 Kd7 31.Nc5+ Ke8 32.f5 Nb6 33.e6 a4 34.bxa4 
Nxa4 35.exf7+ Kxf7 36.Ne6 Nb6 37.Rxc6 Rxa3+ 38.Ke2 Nd5 39.Nxc7 Nf4+ 40.Kf2 
b4 41.Rc4 Ra2+ 42.Kf3 Nd3 43.Ke3 Ne1 44.Nd5 Nxg2+ 45.Ke4 b3 46.Rc7+ Kg8 
47.Rc8+ Kh7 48.Rc7 Kg8 1/2